| 000 | 00637nam a2200193 4500 | ||
|---|---|---|---|
| 005 | 20260109113353.0 | ||
| 008 | 260108b |||||||| |||| 00| 0 eng d | ||
| 020 | _a9789383098477 | ||
| 041 | _aEnglish | ||
| 082 |
_a659 _bCHA |
||
| 100 |
_aChaudhuri Arun _9216206 |
||
| 245 | _aIndian Advertising Laughter & Tears: 1950 to 2013 | ||
| 260 |
_aNew Delhi _bNiyogi Books _c2014 |
||
| 300 | _a388 | ||
| 365 |
_b596.25 _cRs.00 |
||
| 520 | _a1. 1950-1960 OVERVIEW 2. 1960-1970 TRANSITION 3. 1970-1980 GROWTH 4. 1980-1990 LEARNING 5. 1990-2000 NEW AGE 6. 2001-THE PRESENT TIME AHEAD | ||
| 650 |
_aAdvertising _9216207 |
||
| 942 | _cBK | ||
| 999 |
_c369752 _d369752 |
||